| 000 | 00508nam a2200205Ia 4500 | ||
|---|---|---|---|
| 003 | OSt | ||
| 005 | 20221007112526.0 | ||
| 006 | a|||||r|||| 00| 0 | ||
| 007 | ta | ||
| 008 | 221006b |||||||| |||| 00| 0 eng d | ||
| 024 | _a28,374 | ||
| 037 | _cBound Volume | ||
| 040 |
_aLCO _cLCO _beng |
||
| 041 |
_2eng _aeng |
||
| 245 | 0 | _aSUPREME COURT YERLY DIGEST | |
| 260 |
_aLucknow _bEastern book Company India _c1977 |
||
| 490 | _v1977 | ||
| 942 | _cCR | ||
| 999 |
_c1197937 _d1197937 |
||